Statistics for Countries with the Most Opera Performances

Click here to take the quiz!

General Stats

  • This quiz has been taken 76 times
  • The average score is 18 of 20

Answer Stats

#Country% Correct
1,657United States
100%
1,020France
99%
6,795Germany
99%
1,393Italy
99%
1,490Russia
99%
488Spain
99%
989United Kingdom
97%
1,163Austria
94%
404Sweden
93%
231Belgium
90%
818Czech Republic
90%
638Poland
90%
652Switzerland
90%
224Netherlands
88%
275Australia
87%
521Hungary
87%
233Ukraine
87%
219Denmark
84%
206Romania
79%
207Slovakia
78%

Score Distribution

Percentile by Number Answered

Percent of People with Each Score

Your Score History

You have not taken this quiz